Have A Nice Day: A Tale of Blood and Sweat-Socks (Record no. 12804)

MARC details
000 -LEADER
fixed length control field 00399nam a2200157 4500
003 - CONTROL NUMBER IDENTIFIER
control field OSt
008 - FIXED-LENGTH DATA ELEMENTS--GENERAL INFORMATION
fixed length control field 240703b |||||||| |||| 00| 0 eng d
020 ## - INTERNATIONAL STANDARD BOOK NUMBER
International Standard Book Number 9780061031014
082 ## - DEWEY DECIMAL CLASSIFICATION NUMBER
Classification number 796.8120
Item number FOH
100 ## - MAIN ENTRY--PERSONAL NAME
Personal name FOLEY, Mick
245 ## - TITLE STATEMENT
Title Have A Nice Day: A Tale of Blood and Sweat-Socks
260 ## - PUBLICATION, DISTRIBUTION, ETC. (IMPRINT)
Place of publication, distribution, etc New York
Name of publisher, distributor, etc Harper Collins
Date of publication, distribution, etc 2010
300 ## - PHYSICAL DESCRIPTION
Extent xii, 748p.
650 ## - SUBJECT ADDED ENTRY--TOPICAL TERM
Topical term or geographic name as entry element General
942 ## - ADDED ENTRY ELEMENTS (KOHA)
Source of classification or shelving scheme Dewey Decimal Classification
Koha item type Text Books
Holdings
Withdrawn status Lost status Source of classification or shelving scheme Damaged status Not for loan Collection code Home library Current library Date acquired Source of acquisition Currency Cost, normal purchase price Bill Number Total Checkouts Full call number Acc. no. / Barcode Checked out Date last seen Date last borrowed Actual Cost, discounted price Bill Date Koha item type
    Dewey Decimal Classification     GENERAL PIET C-LIBRARY PIET C-LIBRARY 29/06/2024 Zafaa Books and Distributors In rupees 599.00 ZBD0087 1 796.8120 FOH 37724 28/01/2025 12/07/2024 12/07/2024 449.25 29/06/2024 Text Books

Design & Developed by: PIET Central Library
R70 Miles Stone Pattikalyana Samalkha Panipat 132102
mail ID :- [email protected], Phone No:- 0180-2569700 Ex.216